Central Library OPAC University of Rajshahi

De iure belli ac pacis : (Record no. 4687)

MARC details
000 -LEADER
fixed length control field 00887nam a22002652 4500
001 - CONTROL NUMBER
control field 4687
003 - CONTROL NUMBER IDENTIFIER
rucl marc code BD-RjUL
005 - DATE AND TIME OF LATEST TRANSACTION
control field 20211208233934.0
008 - FIXED-LENGTH DATA ELEMENTS--GENERAL INFORMATION
fixed length control field 131223s1948 ne 000 0 lat
035 ## - SYSTEM CONTROL NUMBER
System control number OCLC ocm03086525 from D980112M
-- (BD-RjUL)4722
040 ## - CATALOGING SOURCE
Original cataloging agency DLC
Transcribing agency VTU
Modifying agency EQO
-- BD-RjUL
Language of cataloging eng
041 ## - LANGUAGE CODE
Language code of text/sound track or separate title eng
082 04 - DEWEY DECIMAL CLASSIFICATION NUMBER
Edition number 18
Classification number 340
Author mark and year GRD 1948
100 1# - MAIN ENTRY--PERSONAL NAME
Personal name Grotius, Hugo,
Dates associated with a name 1583-1645.
9 (RLIN) 14775
245 10 - TITLE STATEMENT
Title De iure belli ac pacis :
Remainder of title an extract /
Statement of responsibility, etc. by B. M. Telders; ed. by J. Barents and A.J.S. Douma. With a pref. by W. J. M. van Eysings.
260 ## - PUBLICATION, DISTRIBUTION, ETC. (IMPRINT)
Place of publication, distribution, etc. The Hague :
Name of publisher, distributor, etc. M. Nijhoff,
Date of publication, distribution, etc. 1948.
300 ## - PHYSICAL DESCRIPTION
Pagination xvi, 195 p. ;
Size 25 cm.
500 ## - GENERAL NOTE
General note Text in Latin.
650 #0 - SUBJECT ADDED ENTRY--TOPICAL TERM
Topical term or geographic name as entry element International law.
9 (RLIN) 14776
Topical term or geographic name as entry element War (International law).
9 (RLIN) 11137
700 1# - ADDED ENTRY--PERSONAL NAME
Personal name Telders, B. M.
Fuller form of name (Benjamin Marius),
Dates associated with a name 1903-1945.
942 ## - ADDED ENTRY ELEMENTS (KOHA)
Source of classification or shelving scheme Dewey Decimal Classification
Koha item type Books
Holdings
Lost status Source of classification or shelving scheme Damaged status Not for loan Permanent Location Current Location Shelving location Date acquired Source of acquisition Cost, normal purchase price Total Checkouts Full call number Date last seen Copy number Koha item type
  Dewey Decimal Classification   Not For Loan Central Library, University of Rajshahi Central Library, University of Rajshahi   04/12/1965 Zeitlinger 15.00   340 GRD 1948 23/12/2013 C-1 Books
  Dewey Decimal Classification     Central Library, University of Rajshahi Central Library, University of Rajshahi   04/12/1965 Zeitlinger 15.00   340 GRD 1948 23/12/2013 C-2 Books